<?xml version="1.0" encoding="UTF-8"?>
<record
    xmlns:xsi="http://www.w3.org/2001/XMLSchema-instance"
    xsi:schemaLocation="http://www.loc.gov/MARC21/slim http://www.loc.gov/standards/marcxml/schema/MARC21slim.xsd"
    xmlns="http://www.loc.gov/MARC21/slim">

  <leader>00948nam a2200241 i 4500</leader>
  <controlfield tag="001">59669</controlfield>
  <controlfield tag="003">ES-MaACL</controlfield>
  <controlfield tag="005">20250831121955.0</controlfield>
  <controlfield tag="007">t|</controlfield>
  <controlfield tag="008">031030s1961    sp           |||| | spa d</controlfield>
  <datafield tag="080" ind1=" " ind2=" ">
    <subfield code="a">355(04)</subfield>
  </datafield>
  <datafield tag="245" ind1="0" ind2="3">
    <subfield code="a">El ej&#xE9;rcito como problema / </subfield>
    <subfield code="c">por Alfredo Kindenl&#xE1;n, Carlos Mart&#xED;nez Campos, &#xC1;ngel Gonz&#xE1;lez de Mendoza ... [et al.] ; pr&#xF3;logo de J. Iturrioz ; ep&#xED;logo de J.M. Garc&#xED;a Escudero.</subfield>
  </datafield>
  <datafield tag="260" ind1=" " ind2=" ">
    <subfield code="a">Madrid : </subfield>
    <subfield code="b">Euram&#xE9;rica, </subfield>
    <subfield code="c">1961.</subfield>
  </datafield>
  <datafield tag="300" ind1=" " ind2=" ">
    <subfield code="a">201 p. ; </subfield>
    <subfield code="c">18 cm.</subfield>
  </datafield>
  <datafield tag="490" ind1="1" ind2=" ">
    <subfield code="a">Colecci&#xF3;n bien com&#xFA;n ; </subfield>
    <subfield code="v">14. </subfield>
    <subfield code="a">Serie II, Problemas de hoy ; </subfield>
    <subfield code="v">4</subfield>
  </datafield>
  <datafield tag="650" ind1=" " ind2="4">
    <subfield code="a">Ej&#xE9;rcito.</subfield>
    <subfield code="9">145886</subfield>
  </datafield>
  <datafield tag="700" ind1="1" ind2=" ">
    <subfield code="a">Kindel&#xE1;n, Alfredo, </subfield>
    <subfield code="d">1879-1962</subfield>
    <subfield code="9">68045</subfield>
  </datafield>
  <datafield tag="700" ind1="1" ind2=" ">
    <subfield code="a">Iturrioz, Jes&#xFA;s.</subfield>
    <subfield code="9">65638</subfield>
  </datafield>
  <datafield tag="700" ind1="1" ind2=" ">
    <subfield code="a">Garc&#xED;a Escudero, Jos&#xE9; Mar&#xED;a.</subfield>
    <subfield code="9">54570</subfield>
  </datafield>
  <datafield tag="830" ind1="0" ind2=" ">
    <subfield code="a">Colecci&#xF3;n bien com&#xFA;n ; </subfield>
    <subfield code="v">14. </subfield>
    <subfield code="a">Serie II, Problemas de hoy ; </subfield>
    <subfield code="v">4</subfield>
    <subfield code="9">230528</subfield>
  </datafield>
  <datafield tag="852" ind1=" " ind2=" ">
    <subfield code="a">ES-MaACL</subfield>
    <subfield code="j">C-21498 </subfield>
    <subfield code="q">- Ejemp. falto de cub.</subfield>
  </datafield>
  <datafield tag="999" ind1=" " ind2=" ">
    <subfield code="c">59669</subfield>
    <subfield code="d">59669</subfield>
  </datafield>
  <datafield tag="952" ind1=" " ind2=" ">
    <subfield code="0">0</subfield>
    <subfield code="1">0</subfield>
    <subfield code="4">0</subfield>
    <subfield code="7">0</subfield>
    <subfield code="a">ATENEOM</subfield>
    <subfield code="b">ATENEOM</subfield>
    <subfield code="c">Galer&#xED;a</subfield>
    <subfield code="d">2008-01-17</subfield>
    <subfield code="e">SC</subfield>
    <subfield code="l">0</subfield>
    <subfield code="o">C-21498</subfield>
    <subfield code="p">1062585</subfield>
    <subfield code="r">2023-02-23 00:00:00</subfield>
    <subfield code="w">2023-02-23</subfield>
    <subfield code="y">MONOGRAFIA</subfield>
  </datafield>
</record>
